000 00564nam a22001937a 4500
999 _c526637
_d526637
003 NUST
005 20190715055516.0
008 190715b ||||| |||| 00| 0 eng d
020 _qHardcover.
038 _awaseem
082 _a891.421
_bSAF
100 _aSafari, Muhammad Ismail
_917638
245 _aKaliyat-e-Safari /
_cMuhammad Ismail Safari
260 _aFaisalabad :
_bHum Khayal Publishers,
_c2002.
300 _a290 p. ;
880 _6100-01\r
_aمحمد اسمعٰیل سفری
880 _6245-02\r
_a کلیاتِ سفری /
942 _2ddc
_cBK